Ekonomika obrábania

Gespeichert in:
Bibliographische Detailangaben
1. Verfasser: Krajča, Tomáš, 1984- (Verfasst von)
Weitere Verfasser: Lipa, Zdenko, 1944- (Betreuung Doktorarbeit)
Format: Manuskript Buch
Sprache:Slowakisch
Veröffentlicht: STU v Bratislave MTF UVTE KOM, 2010
Schlagworte:
Online-Zugang:VAIS
Tags: Tag hinzufügen
Keine Tags, Fügen Sie das erste Tag hinzu!

MARC

LEADER 00000ntm a22000003a 4500
001 stu206271
005 20160719160206.5
008 100702s2010------------------------slo-d
040 |a STU  |b slo 
041 0 |a slo 
100 1 |a Krajča, Tomáš,  |d 1984-  |4 aut  |X 32928  |7 A000032928 
242 0 0 |a Economy of machining  |y eng 
245 1 |a Ekonomika obrábania 
260 |b STU v Bratislave MTF UVTE KOM,  |c 2010 
650 7 |a rezný nástroj  |2 stusub 
700 1 |a Lipa, Zdenko,  |d 1944-  |4 ths  |u M3000  |U MTF Materiálovotechnologická fakulta  |T MTF Ústav výrobných technológií  |X 319  |U M3000  |Y 83  |7 A000000319 
856 4 |a info a plný text  |u http://is.stuba.sk/zp/portal_zp.pl?podrobnosti=63345  |3 VAIS 
996 |c M*DP-9046  |l MMSKP  |s P  |a 0  |w stu206271_0001